00000000nam##2200000za#4500
0019.647460
003CaOODSP
00520230117131515
007ta
008150407|2000||||xxc|||||     f|0| 0 eng|d
020 |a0-662-28154-3
040 |aCaOODSP|beng
043 |an-cn---
0861 |aJL2-7/2000-2E
1102 |aLaw Commission of Canada.
24510|aRestoring dignity : responding to child abuse in Canadian institutions
260 |aOttawa - Ontario : |bLaw Commission of Canada |c2000.
300 |axvii, 455p. ; |c24 cm.
546 |aBilingual
563 |aSoftcover
590 |a00-14|b2000-04-07
69007|aViolence against children|2gcpds
69007|aChildren's rights|2gcpds
77508|tLa dignité retrouvée : la réparation des services infligés aux enfants dans des établissements canadiens |w(CaOODSP)9.680884
7760#|tRestoring dignity - responding to child abuse in Canadian institutions |w(CaOODSP)9.690697